000 00614nam a2200181Ia 4500
008 151202s9999||||xx |||||||||||||| ||und||
082 _bPNVM-46327
100 _aभागवत लिलावती.
245 _aवाट वळणा वळणाची.
260 _bअनुबंा प्रकाशन पुणे.
260 _c2004
300 _a175
600 _aभागवत लिलावती.
630 _aवाट वळणा वळणाची.
700 _aभागवत लिलावती.
730 _aवाट वळणा वळणाची.
942 _cBOOK
999 _c1312277
_d1312274